Представление документа в формате MARC21

Поле Инд. ПП Название Значение
Тип записи a
Библиографический уровень m
001 Контрольный номер DU/622305495
005 Дата корректировки 20251212162643.7
020 a ISBN 978-5-444-80798-9
084 a Индекс другой классификации/Индекс ББК 63.3(2)632-75
090 a Полочн. индекс 63.3(2)632-75
x Авторский знак Л 335
100 1_ a Автор Лебина Н.
q Полное имя Лебина Наталия
245 10 a Заглавие Мужчина и женщина. Тело, мода, культура. СССР - оттепель
250 a Основные сведения об издании 3-е изд.
260 b Издательство Новое литературное обозрение
a Место издания Москва
c Дата издания 2018
300 a Объем 208 с.
b Иллюстрации/ тип воспроизводства ил.
336 a Термин вида содержания Текст
337 a Термин типа средства непосредственный
440 _0 a Серия Библиотека журнала "Теория моды"
504 a Библиография Лит.: с. 181. - Список упом. кинофильмов: с. 198. - Указ. имен: с. 200
541 1_ a Номер заявки 8647
b Заявитель Хохлова Светлана Павловна
c Факультет/Кафедра/Подразделение Кафедра социологии и гуманитарных наук
d Дата заявки 05.05.2019
f Дисциплина Культурология
h Уровень подготовки Бакалавриат
n Количество экземпляров 2
541 1_ a Номер заявки 8031
650 04 a Основная рубрика история
653 0_ a Ключевые слова XX век
a Ключевые слова брак
a Ключевые слова брачные обряды
a Ключевые слова брачные отношения
a Ключевые слова быт
a Ключевые слова гендерные исследования
a Ключевые слова гендерные отношения
a Ключевые слова дефицит
a Ключевые слова женщины
a Ключевые слова контрацептивное поведение
a Ключевые слова красота
a Ключевые слова мода
a Ключевые слова мужчины
a Ключевые слова новейшее время
a Ключевые слова одежда
a Ключевые слова репродуктивность
a Ключевые слова Россия
a Ключевые слова сексуальность
a Ключевые слова советская культура
a Ключевые слова советский период
a Ключевые слова советское общество
a Ключевые слова СССР
a Ключевые слова унисекс
720 a Наименование подборки К семинарам по культурологии
e Признак/вид подборки Тематические подборки
900 a Имя электронного ресурса olb_Lebina_Man and Woman
x Справочная информация Обложка
901 t Тип документа m
952 a Тип литературы для КСУ ВШ НАУ